|
|
|
|
| LEADER |
00856cam a2200229ua 4500 |
| 008 |
081210t2006||||||||||| 001 ||eng c |
| 020 |
|
|
|a 978-0-470-00941-1
|
| 041 |
0 |
|
|a eng
|
| 082 |
|
|
|a 512.943 4
|b SEA/S
|
| 100 |
0 |
|
|a Searle, Shayle R
|
| 245 |
1 |
0 |
|a Matrix algebra useful for Statistics /
|c Searle,Shayle R
|
| 260 |
|
|
|a New York:
|b John wiley and sons,
|c 2006.
|
| 300 |
|
|
|a xxii, 432p..
|
| 362 |
1 |
|
|a 2006.
|
| 365 |
|
|
|a $.99.95
|e pb
|
| 500 |
|
|
|a Includes index.
|
| 650 |
|
|
|a Matrix algebra
|
| 650 |
0 |
|
|a Mathematics
|
| 942 |
|
|
|c Dept. of Statistics
|
| 999 |
|
|
|c 19770
|d 19770
|
| 952 |
|
|
|0 0
|1 0
|4 0
|6 512_943000000000000_4_SEA
|7 0
|9 20699
|a KUCL
|b KUCL
|d 2014-05-23
|l 0
|o 512.943 4 SEA/
|p 20564
|r 2017-02-13
|w 2014-05-23
|y Dept. of S
|
| 952 |
|
|
|0 0
|1 0
|4 0
|6 512_943000000000000_4_SEA
|7 0
|9 20700
|a KUCL
|b KUCL
|d 2014-05-23
|l 0
|o 512.943 4 SEA/
|p 21864
|r 2014-05-23
|w 2014-05-23
|y Dept. of S
|